| 000 | 01539nam a22002897a 4500 | ||
|---|---|---|---|
| 999 |
_c23565 _d23565 |
||
| 003 | AR-CdUCM | ||
| 008 | 260330b2024 pe ||||| |||| 00| 0 esp d | ||
| 040 |
_aMUNICIPALIDAD PROVINCIAL DEL CUSCO _cBIBLIOTECA MUNICIPAL DEL CUSCO |
||
| 041 | _hepa | ||
| 082 |
_a333.91 / _bM42 |
||
| 100 |
_aMendoza Muñoz, Yanet _952415 |
||
| 110 |
_aUniversidad Nacional de San Antonio Abad del Cusco _915942 |
||
| 245 |
_aLa Laguna de Piuray : _bAgua de Consumo Humano para el Cusco y su necesaria protección / |
||
| 260 |
_aCusco - Perú _bUniversidad Nacional de San Antonio Abad del Cusco _c2024 |
||
| 300 |
_a280 páginas. : _bcuadros, tablas, mapas, figuras. _c20 x 26 cm. |
||
| 500 | _zPáginas 18, 36, 48, 63, 64, 70, 90. | ||
| 505 | _aCapítulo 1. La Ciudad de Cusco. Lugar de la Investigación -- Capítulo 2. Entidades de la Gestión de la Calidad del Agua de Consumo Humano según Decreto Supremo No, 031-2010-SA -- Capítulo 3. -- La Microcuenca del Piuray - Ccorimarca: Descripción e Importancia -- Capítulo 4. -- Investigación de la calidad del agua de Consumo Humano Proveniente de la Fuente de Piuray -- Capítulo 5. Propuestas de Mejora de la Protección... | ||
| 650 |
_aLa Imperial Ciudad _952416 |
||
| 650 |
_aDisposiciones Generales _928280 |
||
| 650 |
_aBúsqueda Bibliográfica _952417 |
||
| 650 |
_aDiagnóstico de la gestión _952418 |
||
| 650 |
_aCreación de la Franja _952419 |
||
| 650 |
_aPlan de Gestión _952420 |
||
| 650 |
_aTratamiento Integral _952421 |
||
| 942 |
_2ddc _cLIBROS |
||
| 945 |
_ajmcs _d30/03/2026 |
||